[Event "13. Festival Ciudad de Lorca 2024 - A"]
[White "Sabuk, Piotr"]
[Black "Fondrat, Johan"]
[Site "Lorca ESP"]
[Round "2.5"]
[Result "0-1"]
[Date "2024.12.27"]
[WhiteElo "2385"]
[BlackElo "2054"]
[PlyCount "82"]
[GameId "2127587889942742"]
[EventDate "2024.12.26"]
[EventCountry "ESP"]
[SourceTitle "Ajedrez en Madrid"]
[Source "lmi"]
[SourceDate "2024.12.26"]
[SourceVersion "1"]
[SourceVersionDate "2025.01.11"]
[SourceQuality "1"]

{[%evp 0,39,9,30,13,5,24,55,22,10,9,12,17,0,2,-3,1,-38,-1,-10,1,-109,-15,-57,-31,-38,-40,-21,-20,-21,-26,-9,-27,-9,-15,-15,-8,6,-28,-9,44,78]} 1. e4 e5 2. Nf3 Nc6 3. Nc3 Nf6 4. Bb5 Bb4 5. O-O O-O 6. Bxc6 dxc6 7. d3 Bg4 8. h3 Bh5 9. Kh1 Qc8 10. g4 Bxc3 11. Ng1 Nxg4 12. hxg4 Bxg4 13. f3 Bh3 14. bxc3 Bxf1 15. Qxf1 f5 16. Qh3 Rf6 17. exf5 Rxf5 18. Rb1 b6 19. Rb4 Rf6 20. Qxc8+ Rxc8 21. Re4 Rf5 22. Kg2 Rcf8 23. c4 R8f6 24. Bb2 Re6 25. Ne2 Kf7 26. Ng3 Rg5 27. Kf2 Rh6 28. Bc1 Rh2+ 29. Kg1 Rh3 30. Bxg5 Rxg3+ 31. Kf2 Rxg5 32. a4 a5 33. c3 c5 34. Ke3 Kf6 35. d4 cxd4+ 36. cxd4 exd4+ 37. Kxd4 h5 38. Re8 Rc5 39. Re4 g5 40. Re8 h4 41. Rc8 Rc6 0-1

[Event "13. Festival Ciudad de Lorca 2024 - A"]
[White "Alvarez Morales, Miguel"]
[Black "Narciso Dublan, Marc"]
[Site "Lorca ESP"]
[Round "2.6"]
[Result "1/2-1/2"]
[Date "2024.12.27"]
[WhiteElo "2065"]
[BlackElo "2373"]
[PlyCount "62"]
[GameId "2127588488372480"]
[EventDate "2024.12.26"]
[EventCountry "ESP"]
[SourceTitle "Ajedrez en Madrid"]
[Source "lmi"]
[SourceDate "2024.12.26"]
[SourceVersion "1"]
[SourceVersionDate "2025.01.11"]
[SourceQuality "1"]

1. Nf3 d5 2. g3 Nd7 3. d4 Nb6 4. Bg2 Bf5 5. a4 a5 6. O-O e6 7. Nbd2 Nf6 8. c4 Bb4 9. Ne5 c6 10. c5 Nbd7 11. Ndf3 Nxe5 12. Nxe5 Nd7 13. Nxd7 Qxd7 14. Bd2 Bxd2 15. Qxd2 O-O 16. b4 axb4 17. Qxb4 Rfe8 18. Rfd1 Qc7 19. a5 e5 20. dxe5 Rxe5 21. e3 h5 22. Qb6 Qd7 23. Rd4 Re7 24. h4 Qe8 25. Rda4 Bd3 26. Bf1 Bxf1 27. Kxf1 Ra6 28. Qb1 Qd8 29. Qf5 g6 30. Qf6 Rd7 31. Qxd8+ Rxd8 1/2-1/2

[Event "13. Festival Ciudad de Lorca 2024 - A"]
[White "Luch, Michal"]
[Black "Perez Epinin, Gines"]
[Site "Lorca ESP"]
[Round "2.7"]
[Result "1/2-1/2"]
[Date "2024.12.27"]
[WhiteElo "2329"]
[BlackElo "2052"]
[PlyCount "162"]
[GameId "2127588540612882"]
[EventDate "2024.12.26"]
[EventCountry "ESP"]
[SourceTitle "Ajedrez en Madrid"]
[Source "lmi"]
[SourceDate "2024.12.26"]
[SourceVersion "1"]
[SourceVersionDate "2025.01.11"]
[SourceQuality "1"]

1. c4 e6 2. Nc3 d5 3. d4 Nf6 4. cxd5 exd5 5. Bg5 Be7 6. e3 O-O 7. Bd3 c6 8. Qc2 h6 9. Bh4 Nh5 10. Bxe7 Qxe7 11. Nge2 Re8 12. O-O Nd7 13. Rae1 Nhf6 14. Ng3 Nf8 15. f3 c5 16. dxc5 Qxc5 17. Nb5 Qxc2 18. Bxc2 Ne6 19. Nf5 Bd7 20. Nbd4 Nxd4 21. Nxd4 Rac8 22. Kf2 Kf8 23. Re2 a6 24. Rd1 Rc7 25. Red2 Rec8 26. Bb3 Rc1 27. Rxc1 Rxc1 28. Ne2 Rc5 29. Nf4 Bc6 30. Nd3 Rb5 31. Rc2 Rb6 32. Ne5 Ke7 33. Ke1 Ke6 34. Nd3 Kd6 35. Nf4 g5 36. Ne2 Nd7 37. Nd4 h5 38. Kf1 a5 39. Rd2 a4 40. Bd1 Ne5 41. Be2 Ke7 42. b3 axb3 43. axb3 Bd7 44. Ke1 Nc6 45. Bd1 Rb4 46. Bc2 Nxd4 47. Rxd4 Rxd4 48. exd4 Bb5 49. Bf5 h4 50. Bc8 b6 51. Kf2 Bd3 52. g3 hxg3+ 53. Kxg3 Bc2 54. b4 f5 55. f4 g4 56. Kh4 Kf6 57. Ba6 Bb3 58. Bb5 Bc4 59. Bd7 Be2 60. Be8 Bd1 61. Kg3 Ke7 62. Bb5 Bb3 63. Kf2 Bc4 64. Ba4 Ke6 65. Kg3 Kf6 66. Bd1 Bd3 67. h3 gxh3 68. Kxh3 Kg6 69. Kh4 Kh6 70. Bh5 Be4 71. Be8 Bd3 72. Bc6 Bc4 73. Be8 Bd3 74. Kg3 Kg7 75. Bh5 Bc2 76. Kf2 Kf6 77. Ke3 Ke6 78. Kd2 Bb3 79. Kc3 Bc4 80. Be8 Ke7 81. Bh5 Ke6 1/2-1/2

[Event "13. Festival Ciudad de Lorca 2024 - A"]
[White "Collado Alcolado, Angel"]
[Black "Filgueiras, Nathan Felipe"]
[Site "Lorca ESP"]
[Round "2.8"]
[Result "0-1"]
[Date "2024.12.27"]
[WhiteElo "2061"]
[BlackElo "2328"]
[PlyCount "86"]
[GameId "2127588766081316"]
[EventDate "2024.12.26"]
[EventCountry "ESP"]
[SourceTitle "Ajedrez en Madrid"]
[Source "lmi"]
[SourceDate "2024.12.26"]
[SourceVersion "1"]
[SourceVersionDate "2025.01.11"]
[SourceQuality "1"]

1. e4 c5 2. Nf3 Nc6 3. Nc3 e5 4. Bc4 d6 5. d3 h6 6. Nd2 g6 7. Nf1 Bg7 8. Ne3 a6 9. a4 Rb8 10. O-O Nge7 11. Ned5 O-O 12. f4 exf4 13. Bxf4 Kh7 14. Qe1 Nxd5 15. Bxd5 Be6 16. Qg3 Ne5 17. a5 Qe7 18. Na4 g5 19. Bxe5 Bxe5 20. Qf3 g4 21. Qd1 Bxh2+ 22. Kxh2 Qh4+ 23. Kg1 g3 24. Rf3 Bxd5 25. Rf5 Qh2+ 26. Kf1 Qh1+ 27. Ke2 Qxg2+ 28. Ke3 Be6 29. Qf3 Qxc2 30. Rh1 Qf2+ 31. Qxf2 gxf2 32. Rxf2 Rg8 33. Rfh2 Rg6 34. Nc3 Rbg8 35. Ne2 Rf6 36. d4 cxd4+ 37. Kxd4 Rg4 38. Nc3 Rfg6 39. Rh5 f5 40. R1h4 fxe4 41. Rxg4 Rxg4 42. Nd5 Kg6 43. Rh2 e3+ 0-1

[Event "13. Festival Ciudad de Lorca 2024 - A"]
[White "Vinuesa Sorli, Ruben"]
[Black "Beneyto De Ramon, Guillermo"]
[Site "Lorca ESP"]
[Round "2.9"]
[Result "1-0"]
[Date "2024.12.27"]
[WhiteElo "2291"]
[BlackElo "2034"]
[PlyCount "75"]
[GameId "2127589019926839"]
[EventDate "2024.12.26"]
[EventCountry "ESP"]
[SourceTitle "Ajedrez en Madrid"]
[Source "lmi"]
[SourceDate "2024.12.26"]
[SourceVersion "1"]
[SourceVersionDate "2025.01.11"]
[SourceQuality "1"]

1. e4 c5 2. Nf3 Nc6 3. d4 cxd4 4. Nxd4 Nf6 5. Nc3 e5 6. Ndb5 d6 7. Bg5 a6 8. Na3 b5 9. Nab1 Be7 10. Bxf6 Bxf6 11. a4 b4 12. Nd5 O-O 13. Bc4 a5 14. Qd3 Be6 15. O-O Rc8 16. Nd2 Kh8 17. Rad1 Bg5 18. Ba6 Rb8 19. Bb5 Nd4 20. c3 Nxb5 21. axb5 Qd7 22. c4 f5 23. exf5 Bxf5 24. Ne4 Bf4 25. Nxf4 Bxe4 26. Qxe4 Rxf4 27. Qd5 Qc7 28. b3 a4 29. g3 Rg4 30. bxa4 Rxc4 31. Qxd6 h6 32. Qxc7 Rxc7 33. Rb1 Rc4 34. Rb3 Kg8 35. Rfb1 Ra8 36. b6 Rc5 37. Rxb4 Rca5 38. b7 1-0

[Event "13. Festival Ciudad de Lorca 2024 - A"]
[White "Asensio Linan, Teodoro"]
[Black "Pogorelov, Ruslan"]
[Site "Lorca ESP"]
[Round "2.10"]
[Result "1/2-1/2"]
[Date "2024.12.27"]
[WhiteElo "2052"]
[BlackElo "2282"]
[PlyCount "96"]
[GameId "2127589971108171"]
[EventDate "2024.12.26"]
[EventCountry "ESP"]
[SourceTitle "Ajedrez en Madrid"]
[Source "lmi"]
[SourceDate "2024.12.26"]
[SourceVersion "1"]
[SourceVersionDate "2025.01.11"]
[SourceQuality "1"]

1. e4 c5 2. Nf3 e6 3. d3 d5 4. Nbd2 Nc6 5. g3 g6 6. Bg2 Bg7 7. O-O Nge7 8. Re1 O-O 9. a3 b6 10. h4 h6 11. Rb1 Bb7 12. e5 Qc7 13. Qe2 Nf5 14. c3 h5 15. Nf1 b5 16. Bf4 d4 17. Ng5 Nce7 18. Ne4 Nd5 19. Nf6+ Bxf6 20. Bxd5 Bg7 21. Be4 Rad8 22. Nh2 Bxe4 23. Qxe4 Rd7 24. g4 hxg4 25. Nxg4 Qb7 26. Bg5 c4 27. Nf6+ Bxf6 28. Qxb7 Rxb7 29. Bxf6 dxc3 30. bxc3 cxd3 31. Red1 Rd7 32. Rxb5 Rc8 33. Rb3 Kh7 34. c4 Rxc4 35. Rbxd3 Rxd3 36. Rxd3 Rd4 37. Rb3 Nxh4 38. Kf1 Kh6 39. Rb7 a5 40. Rxf7 g5 41. Re7 Kh5 42. Rxe6 Kg4 43. Rd6 Re4 44. Rd1 Nf3 45. Kg2 Nh4+ 46. Kf1 Nf3 47. Kg2 Nh4+ 48. Kf1 Nf3 1/2-1/2

[Event "13. Festival Ciudad de Lorca 2024 - A"]
[White "Chavez Suarez, Carlos Alberto"]
[Black "Maklakova, Naomi"]
[Site "Lorca ESP"]
[Round "2.11"]
[Result "1-0"]
[Date "2024.12.27"]
[WhiteElo "2278"]
[BlackElo "2003"]
[PlyCount "93"]
[GameId "2127590033449309"]
[EventDate "2024.12.26"]
[EventCountry "ESP"]
[SourceTitle "Ajedrez en Madrid"]
[Source "lmi"]
[SourceDate "2024.12.26"]
[SourceVersion "1"]
[SourceVersionDate "2025.01.11"]
[SourceQuality "1"]

1. d4 d5 2. Nf3 e6 3. e3 Bd6 4. c4 c6 5. Nc3 f5 6. Ne5 Nf6 7. Be2 O-O 8. O-O Nbd7 9. f4 Ne4 10. Nxe4 fxe4 11. Bd2 c5 12. Bc3 Nxe5 13. fxe5 Rxf1+ 14. Qxf1 Be7 15. dxc5 Bxc5 16. Qf2 Bd7 17. b4 Be7 18. Rd1 Rc8 19. cxd5 exd5 20. Rxd5 Rxc3 21. e6 Rc1+ 22. Bd1 Bxe6 23. Rxd8+ Bxd8 24. Qd2 Rc8 25. Bb3 Bxb3 26. Qd7 Rc1+ 27. Kf2 Bh4+ 28. g3 Bf7 29. gxh4 h6 30. Qxb7 Rc2+ 31. Kg3 Rxa2 32. Qa8+ Kh7 33. Qxe4+ Bg6 34. Qd5 Ra3 35. Kf4 h5 36. Qd6 Ra2 37. Kf3 Ra3 38. h3 Rd3 39. Qe7 a6 40. Kf4 Ra3 41. Qe6 Ra4 42. Kg5 Bc2 43. Qc6 Ra2 44. e4 Bd1 45. e5 Rb2 46. Qe4+ Kg8 47. Qd5+ 1-0

[Event "13. Festival Ciudad de Lorca 2024 - A"]
[White "Shah, Jeet"]
[Black "Piedra Salabarria, Ernesto"]
[Site "Lorca ESP"]
[Round "2.12"]
[Result "1-0"]
[Date "2024.12.27"]
[WhiteElo "2052"]
[BlackElo "2272"]
[PlyCount "81"]
[GameId "2127662882775199"]
[EventDate "2024.12.26"]
[EventCountry "ESP"]
[SourceTitle "Ajedrez en Madrid"]
[Source "lmi"]
[SourceDate "2024.12.26"]
[SourceVersion "1"]
[SourceVersionDate "2025.01.11"]
[SourceQuality "1"]

1. e4 c5 2. Nf3 Nc6 3. d4 cxd4 4. Nxd4 g6 5. Nc3 Bg7 6. Nb3 Nf6 7. Be3 d6 8. Qd2 Be6 9. f3 O-O 10. O-O-O Rc8 11. Kb1 Ne5 12. Be2 a6 13. h4 b5 14. Bh6 Bh8 15. Bxf8 Qxf8 16. h5 Bg7 17. g4 Bc4 18. hxg6 hxg6 19. Nd5 Bxd5 20. exd5 Nc4 21. Bxc4 bxc4 22. Nd4 c3 23. Qh2 Qd8 24. g5 Qb6 25. b3 Nh5 26. Nf5 Qc5 27. Ka1 Be5 28. Qh4 Kf8 29. Qa4 Qb5 30. Qxb5 axb5 31. Nd4 Rc5 32. Nc6 Bf4 33. b4 Rc4 34. Rd4 Rxd4 35. Nxd4 Bxg5 36. a4 bxa4 37. b5 Be3 38. Rd1 Ke8 39. b6 Kd7 40. b7 Kc7 41. Rb1 1-0

[Event "13. Festival Ciudad de Lorca 2024 - A"]
[White "Piccoli, Lucas Fonseca"]
[Black "Maklakova, Nellija"]
[Site "Lorca ESP"]
[Round "2.13"]
[Result "1-0"]
[Date "2024.12.27"]
[WhiteElo "2270"]
[BlackElo "1885"]
[PlyCount "49"]
[GameId "2127663987953838"]
[EventDate "2024.12.26"]
[EventCountry "ESP"]
[SourceTitle "Ajedrez en Madrid"]
[Source "lmi"]
[SourceDate "2024.12.26"]
[SourceVersion "1"]
[SourceVersionDate "2025.01.11"]
[SourceQuality "1"]

1. e4 e6 2. d4 d5 3. e5 c5 4. c3 Nc6 5. Nf3 Bd7 6. g3 a5 7. Bh3 a4 8. O-O c4 9. Re1 Be7 10. Na3 Na5 11. Nc2 h5 12. Qd2 Nh6 13. Ng5 Qb6 14. Qe2 g6 15. Rb1 Nf5 16. Bxf5 gxf5 17. h4 Ra6 18. Nh3 f6 19. exf6 Bxf6 20. Nb4 Kd8 21. Bg5 Rf8 22. Qe5 Bxg5 23. Qb8+ Bc8 24. Nxg5 Qd6 25. Nxe6+ 1-0

[Event "13. Festival Ciudad de Lorca 2024 - A"]
[White "Sala Esquiva, Miguel"]
[Black "Ibarra Jerez, Juan Miguel"]
[Site "Lorca ESP"]
[Round "2.14"]
[Result "0-1"]
[Date "2024.12.27"]
[WhiteElo "2015"]
[BlackElo "2220"]
[PlyCount "54"]
[GameId "2127665140633789"]
[EventDate "2024.12.26"]
[EventCountry "ESP"]
[SourceTitle "Ajedrez en Madrid"]
[Source "lmi"]
[SourceDate "2024.12.26"]
[SourceVersion "1"]
[SourceVersionDate "2025.01.11"]
[SourceQuality "1"]

1. d4 d6 2. e4 Nf6 3. Nc3 Nc6 4. d5 Nb8 5. h3 g6 6. Be3 c6 7. Qd2 Bg7 8. Bh6 O-O 9. h4 Bxh6 10. Qxh6 Qb6 11. O-O-O Ng4 12. Qd2 Qxf2 13. h5 Qxd2+ 14. Rxd2 Nd7 15. Be2 Ndf6 16. Nf3 Nxh5 17. dxc6 bxc6 18. Nd4 Ng3 19. Nxc6 Nxh1 20. Nxe7+ Kg7 21. Nxc8 Ne5 22. Nxd6 Ng3 23. Ba6 Rab8 24. Ncb5 Rb6 25. Rd5 Nc6 26. Bb7 Nb4 27. Rd4 Ne2+ 0-1

[Event "13. Festival Ciudad de Lorca 2024 - A"]
[White "Vehi Bach, Victor Manuel"]
[Black "Borre Meza, Orlando David"]
[Site "Lorca ESP"]
[Round "2.15"]
[Result "1/2-1/2"]
[Date "2024.12.27"]
[WhiteElo "2184"]
[BlackElo "1875"]
[PlyCount "58"]
[GameId "2132923571900628"]
[EventDate "2024.12.26"]
[EventCountry "ESP"]
[SourceTitle "Ajedrez en Madrid"]
[Source "lmi"]
[SourceDate "2024.12.26"]
[SourceVersion "1"]
[SourceVersionDate "2025.01.11"]
[SourceQuality "1"]

1. e4 e5 2. Nf3 Nc6 3. Nc3 Nf6 4. Bb5 Bb4 5. O-O O-O 6. d3 Bxc3 7. bxc3 d6 8. Re1 Ne7 9. d4 Ng6 10. dxe5 dxe5 11. Ba3 Bg4 12. Bxf8 Qxf8 13. h3 Rd8 14. Qe2 Nf4 15. Qe3 Bxf3 16. Qxf3 Qc5 17. Bf1 Qc6 18. Rad1 Rf8 19. Qe3 Ne6 20. g3 Qa4 21. Qd3 Nc5 22. Qc4 Qxc4 23. Bxc4 Ncxe4 24. Bb3 Nxc3 25. Rd3 Nce4 26. Rde3 Nd2 27. Rd3 Nde4 28. Rde3 Nd2 29. Rd3 Nde4 1/2-1/2

[Event "13. Festival Ciudad de Lorca 2024 - A"]
[White "Navarro Cabrera, Carlos"]
[Black "Vingris, Mikelis"]
[Site "Lorca ESP"]
[Round "2.16"]
[Result "0-1"]
[Date "2024.12.27"]
[WhiteElo "2003"]
[BlackElo "2147"]
[PlyCount "92"]
[GameId "2132923574014165"]
[EventDate "2024.12.26"]
[EventCountry "ESP"]
[SourceTitle "Ajedrez en Madrid"]
[Source "lmi"]
[SourceDate "2024.12.26"]
[SourceVersion "1"]
[SourceVersionDate "2025.01.11"]
[SourceQuality "1"]

1. Nf3 c5 2. b3 Nf6 3. Bb2 Nc6 4. g3 d5 5. Bg2 e6 6. O-O Be7 7. d4 O-O 8. Nbd2 b6 9. c4 Bb7 10. a3 Rc8 11. dxc5 bxc5 12. cxd5 exd5 13. Rc1 Ne4 14. Nxe4 dxe4 15. Ne5 Nxe5 16. Bxe5 Qd5 17. Bc3 Qe6 18. Qc2 f5 19. Qb2 Qg6 20. Rfd1 Rcd8 21. e3 Qh5 22. Rxd8 Rxd8 23. Bf1 Rd1 24. Qc2 Rxc1 25. Qxc1 Bd5 26. Be5 Bxb3 27. Bxg7 Qd1 28. Qc3 Bc2 29. Bh6 Kf7 30. Qg7+ Ke6 31. Qg8+ Kd7 32. Qxh7 Bd3 33. Qxf5+ Kc6 34. Qe6+ Bd6 35. Qh3 Be5 36. Bf8 Kb5 37. Qd7+ Kb6 38. Qh3 a6 39. Be7 Bg7 40. Bd8+ Kb5 41. f4 Ka4 42. Be7 c4 43. Bb4 c3 44. Qg2 c2 45. Bd2 Bc3 46. Bxc3 c1=Q 0-1

[Event "13. Festival Ciudad de Lorca 2024 - A"]
[White "Perez Fernandez, Arys"]
[Black "Tonndorf, Matthias"]
[Site "Lorca ESP"]
[Round "2.17"]
[Result "0-1"]
[Date "2024.12.27"]
[WhiteElo "1574"]
[BlackElo "2138"]
[PlyCount "70"]
[GameId "2132923574014166"]
[EventDate "2024.12.26"]
[EventCountry "ESP"]
[SourceTitle "Ajedrez en Madrid"]
[Source "lmi"]
[SourceDate "2024.12.26"]
[SourceVersion "1"]
[SourceVersionDate "2025.01.11"]
[SourceQuality "1"]

1. e4 c5 2. Nf3 e6 3. d4 cxd4 4. Nxd4 Nf6 5. Nc3 Qc7 6. Be3 Bb4 7. Ndb5 Qa5 8. Qd3 a6 9. Nd4 Nxe4 10. Nb3 Bxc3+ 11. bxc3 Qxc3+ 12. Qxc3 Nxc3 13. Bd4 Nd5 14. Bxg7 Rg8 15. Be5 Nb4 16. Kd2 Ke7 17. Bg3 d5 18. a3 N4c6 19. Bd3 h6 20. Rab1 Nd7 21. f4 b6 22. Rbe1 Bb7 23. Rhf1 Rae8 24. f5 e5 25. f6+ Kd8 26. Rf5 Rg5 27. Ref1 Reg8 28. Be2 Rxf5 29. Rxf5 Rg5 30. Rxg5 hxg5 31. h4 Nxf6 32. h5 Ke7 33. Bf2 Ne4+ 34. Ke3 g4 35. Kd3 g3 0-1

[Event "13. Festival Ciudad de Lorca 2024 - A"]
[White "Xu, Minghui"]
[Black "Lasheras Martinez, Juan Thomas"]
[Site "Lorca ESP"]
[Round "2.18"]
[Result "1-0"]
[Date "2024.12.27"]
[WhiteElo "2405"]
[BlackElo "2128"]
[PlyCount "141"]
[GameId "2132923574018263"]
[EventDate "2024.12.26"]
[EventCountry "ESP"]
[SourceTitle "Ajedrez en Madrid"]
[Source "lmi"]
[SourceDate "2024.12.26"]
[SourceVersion "1"]
[SourceVersionDate "2025.01.11"]
[SourceQuality "1"]

1. Nf3 d5 2. g3 Nf6 3. Bg2 e6 4. c4 dxc4 5. Qa4+ Nbd7 6. Qxc4 a6 7. Qc2 c5 8. Nc3 Be7 9. O-O O-O 10. d4 Ra7 11. Rd1 Qe8 12. e4 cxd4 13. Nxd4 Bc5 14. Qe2 Ne5 15. Nb3 Bb6 16. h3 Ra8 17. Kh1 Nc6 18. g4 e5 19. g5 Nd7 20. Nd5 Bd8 21. Be3 f6 22. gxf6 Nxf6 23. Bc5 Rf7 24. Nd2 Be6 25. Nc4 Rd7 26. Rd3 Nd4 27. Bxd4 exd4 28. Nxf6+ gxf6 29. e5 Bxc4 30. Rg3+ Kh8 31. Qxc4 fxe5 32. Bd5 Rg7 33. Rxg7 Kxg7 34. Rg1+ Kf6 35. Rg8 Qb5 36. Qxb5 axb5 37. Bxb7 Ra7 38. Bd5 Be7 39. Rb8 b4 40. Kg2 Rd7 41. Rb5 Rc7 42. Rb6+ Kg7 43. Be4 Rd7 44. Bd3 Bh4 45. Rxb4 Rf7 46. f3 Ra7 47. a3 Kf6 48. Rb6+ Kg5 49. Kf1 Kf4 50. Be4 Rc7 51. Rc6 Rxc6 52. Bxc6 d3 53. Be4 Ke3 54. Bxh7 d2 55. Bc2 Kxf3 56. a4 e4 57. b4 e3 58. Bd1+ Ke4 59. a5 Bd8 60. h4 Kd5 61. Bf3+ Ke5 62. Ke2 Kf4 63. Bc6 Kg4 64. Ba4 Kxh4 65. Kxe3 Kg5 66. Kd4 Kf6 67. Kc5 Ke6 68. a6 Bg5 69. Kc6 Be3 70. b5 Bf2 71. b6 1-0

[Event "13. Festival Ciudad de Lorca 2024 - A"]
[White "Jansone, Melanija Luize"]
[Black "Khamrakulov, Ibragim S."]
[Site "Lorca ESP"]
[Round "2.19"]
[Result "0-1"]
[Date "2024.12.27"]
[WhiteElo "1885"]
[BlackElo "2388"]
[PlyCount "84"]
[GameId "2132923574018264"]
[EventDate "2024.12.26"]
[EventCountry "ESP"]
[SourceTitle "Ajedrez en Madrid"]
[Source "lmi"]
[SourceDate "2024.12.26"]
[SourceVersion "1"]
[SourceVersionDate "2025.01.11"]
[SourceQuality "1"]

1. e4 c5 2. Nf3 e6 3. g3 Nc6 4. Bg2 Nf6 5. d3 d5 6. Qe2 c4 7. exd5 cxd3 8. Qxd3 exd5 9. O-O Be7 10. Nd4 O-O 11. Nc3 h6 12. Nf5 Nb4 13. Nxe7+ Qxe7 14. Qd1 Bg4 15. Bf3 Bxf3 16. Qxf3 d4 17. Nb5 Nxc2 18. Rb1 a6 19. Na3 Rac8 20. Bf4 Qe4 21. Qxe4 Nxe4 22. Rbd1 Rfd8 23. Nb1 g5 24. Bc1 f5 25. Nd2 Nb4 26. a3 Na2 27. f3 Nc5 28. h4 Nd3 29. Nb3 Naxc1 30. Nxc1 Nxb2 31. Rd2 Nc4 32. Rd3 Ne5 33. Rdd1 g4 34. fxg4 fxg4 35. Nd3 Nf3+ 36. Kh1 Rc2 37. Rf2 Rdc8 38. Kg2 Rxf2+ 39. Nxf2 h5 40. Ne4 Kg7 41. Nd6 Rc2+ 42. Kf1 Kf6 0-1

[Event "13. Festival Ciudad de Lorca 2024 - A"]
[White "Bartakke, Amardeep S."]
[Black "Valdats, Reinis"]
[Site "Lorca ESP"]
[Round "2.20"]
[Result "1/2-1/2"]
[Date "2024.12.27"]
[WhiteElo "1965"]
[BlackElo "2176"]
[PlyCount "53"]
[GameId "2132923574018265"]
[EventDate "2024.12.26"]
[EventCountry "ESP"]
[SourceTitle "Ajedrez en Madrid"]
[Source "lmi"]
[SourceDate "2024.12.26"]
[SourceVersion "1"]
[SourceVersionDate "2025.01.11"]
[SourceQuality "1"]

1. e4 c5 2. Nf3 e6 3. d4 cxd4 4. Nxd4 Nc6 5. Nxc6 bxc6 6. Bd3 Nf6 7. Bf4 d5 8. Nd2 Be7 9. O-O O-O 10. e5 Nd7 11. Qh5 f5 12. exf6 Nxf6 13. Qe2 Qe8 14. Nf3 Nh5 15. Bg3 Nxg3 16. hxg3 Bf6 17. Ne5 c5 18. c4 Bb7 19. Rfe1 Rd8 20. Rad1 Rd6 21. Bc2 d4 22. Qg4 Qe7 23. Nd3 Ra6 24. Bb1 g6 25. Rd2 e5 26. Nxe5 Bxe5 27. f4 1/2-1/2

[Event "13. Festival Ciudad de Lorca 2024 - A"]
[White "Lazars, Krisjanis"]
[Black "Bryant, Harry"]
[Site "Lorca ESP"]
[Round "2.21"]
[Result "1-0"]
[Date "2024.12.27"]
[WhiteElo "1858"]
[BlackElo "1971"]
[PlyCount "57"]
[GameId "2132923574018266"]
[EventDate "2024.12.26"]
[EventCountry "ESP"]
[SourceTitle "Ajedrez en Madrid"]
[Source "lmi"]
[SourceDate "2024.12.26"]
[SourceVersion "1"]
[SourceVersionDate "2025.01.11"]
[SourceQuality "1"]

1. e4 c5 2. Nf3 Nc6 3. Bb5 Nf6 4. e5 Ng4 5. Qe2 Qc7 6. Bxc6 dxc6 7. h3 Nh6 8. c3 g6 9. d4 cxd4 10. cxd4 Nf5 11. g4 Ng7 12. Nc3 Ne6 13. Be3 Bg7 14. O-O-O b6 15. Kb1 Bb7 16. Rc1 O-O 17. h4 a5 18. h5 Ba6 19. Qd2 b5 20. Bh6 b4 21. Na4 f6 22. Bxg7 Nxg7 23. hxg6 hxg6 24. Qh6 Bd3+ 25. Ka1 Be4 26. Qh7+ Kf7 27. e6+ Kxe6 28. Qxg7 Bxf3 29. Rhe1+ 1-0

[Event "13. Festival Ciudad de Lorca 2024 - A"]
[White "Paikens, Reinis"]
[Black "Boricha, Yohan"]
[Site "Lorca ESP"]
[Round "2.22"]
[Result "1-0"]
[Date "2024.12.27"]
[WhiteElo "2166"]
[BlackElo "1888"]
[PlyCount "81"]
[GameId "2127579787210356"]
[EventDate "2024.12.26"]
[EventCountry "ESP"]
[SourceTitle "Ajedrez en Madrid"]
[Source "lmi"]
[SourceDate "2024.12.26"]
[SourceVersion "1"]
[SourceVersionDate "2025.01.11"]
[SourceQuality "1"]

1. c4 c5 2. Nc3 Nf6 3. e4 Nc6 4. g3 e6 5. Bg2 Be7 6. Nge2 d5 7. exd5 exd5 8. cxd5 Nb4 9. O-O Bf5 10. d4 Nc2 11. dxc5 Bxc5 12. Rb1 Nb4 13. a3 Nd3 14. Be3 O-O 15. Nd4 Bxd4 16. Bxd4 Re8 17. Qd2 Nd7 18. Rbd1 Nb6 19. Qc2 Qc8 20. Rxd3 Qc4 21. Rfd1 Qxd4 22. Rxd4 Bxc2 23. Rc1 Bf5 24. d6 Bd7 25. Bxb7 Rab8 26. Bf3 a5 27. Kg2 Nc8 28. Ne4 Rd8 29. Nc5 g6 30. Nxd7 Rxd7 31. Rc7 Rd8 32. d7 Nb6 33. Bc6 Kf8 34. Ra7 a4 35. Rb4 Ke7 36. Kf3 Kd6 37. Bxa4 Nxa4 38. Raxa4 Kxd7 39. Ra7+ Ke6 40. Re4+ Kf6 41. b4 1-0

[Event "13. Festival Ciudad de Lorca 2024 - A"]
[White "Valdepenas Octavio, Javier"]
[Black "Garcia Sanz, Eduardo"]
[Site "Lorca ESP"]
[Round "2.23"]
[Result "1-0"]
[Date "2024.12.27"]
[WhiteElo "2145"]
[BlackElo "1860"]
[PlyCount "55"]
[GameId "2127581319810690"]
[EventDate "2024.12.26"]
[EventCountry "ESP"]
[SourceTitle "Ajedrez en Madrid"]
[Source "lmi"]
[SourceDate "2024.12.26"]
[SourceVersion "1"]
[SourceVersionDate "2025.01.11"]
[SourceQuality "1"]

1. e4 c5 2. Nf3 e6 3. d4 cxd4 4. Nxd4 a6 5. Nc3 Nc6 6. Nxc6 dxc6 7. Qxd8+ Kxd8 8. Bf4 Bb4 9. O-O-O+ Ke7 10. Na4 Ba5 11. b4 Bd8 12. Rxd8 Kxd8 13. Nb6 Nf6 14. Nxa8 b5 15. f3 Ke7 16. Nb6 Bb7 17. Be2 Nh5 18. Bg5+ f6 19. Be3 e5 20. Rd1 Rd8 21. Rxd8 Kxd8 22. c4 Nf4 23. Bxf4 exf4 24. g3 fxg3 25. hxg3 Kc7 26. c5 Kd8 27. f4 h6 28. Kd2 1-0

[Event "13. Festival Ciudad de Lorca 2024 - A"]
[White "Medhvansh, Madeti"]
[Black "Yu, Zechen"]
[Site "Lorca ESP"]
[Round "2.24"]
[Result "1-0"]
[Date "2024.12.27"]
[WhiteElo "1879"]
[BlackElo "2003"]
[PlyCount "183"]
[GameId "2132923574018269"]
[EventDate "2024.12.26"]
[EventCountry "ESP"]
[SourceTitle "Ajedrez en Madrid"]
[Source "lmi"]
[SourceDate "2024.12.26"]
[SourceVersion "1"]
[SourceVersionDate "2025.01.11"]
[SourceQuality "1"]

1. e4 e5 2. Nf3 Nc6 3. Bb5 a6 4. Ba4 Nf6 5. d3 d6 6. c3 g6 7. O-O Bg7 8. Re1 b5 9. Bc2 O-O 10. a4 Rb8 11. Nbd2 h6 12. Nf1 g5 13. Ng3 g4 14. Nh4 Ne7 15. d4 Ng6 16. Nhf5 Kh7 17. Nxg7 Kxg7 18. Nf5+ Bxf5 19. exf5 Nf4 20. axb5 Rxb5 21. Rxa6 Qc8 22. Ra1 Qb7 23. Bxf4 exf4 24. b4 c5 25. Ba4 Rb6 26. dxc5 dxc5 27. bxc5 Rb2 28. Qd6 f3 29. g3 Qc8 30. Qe5 Rd8 31. Red1 Rxd1+ 32. Rxd1 Re2 33. Qd6 Qxf5 34. c6 Rxf2 35. c7 Rg2+ 36. Kh1 Ne4 37. Qd4+ f6 38. Qd7+ Qxd7 39. Rxd7+ Kg6 40. Rd2 Rxd2 41. c8=Q Nf2+ 42. Kg1 Nh3+ 43. Kf1 Rf2+ 44. Ke1 Re2+ 45. Kd1 Nf2+ 46. Kc1 Nd3+ 47. Kb1 Re1+ 48. Kc2 Ne5 49. Qg8+ Kf5 50. Qh7+ Ke6 51. Bb5 f2 52. Qg8+ Kf5 53. Qc8+ Kg5 54. h4+ Kg6 55. Be8+ Kg7 56. Qc7+ Kg8 57. Bb5 f1=Q 58. Qc8+ Kg7 59. Qb7+ Kg8 60. Bxf1 Rxf1 61. Qe7 Rf3 62. c4 Nxc4 63. Qe6+ Kh7 64. Qxc4 h5 65. Kd2 Kg6 66. Qe4+ Kg7 67. Qe7+ Kg6 68. Qe8+ Kh6 69. Qf7 Rf5 70. Ke3 Rf1 71. Ke4 Rf3 72. Kd5 Rf1 73. Kd6 Rf5 74. Ke7 Ra5 75. Qxf6+ Kh7 76. Qb6 Ra1 77. Qb5 Ra7+ 78. Kf6 Rg7 79. Qxh5+ Kg8 80. Qg5 Rxg5 81. Kxg5 Kg7 82. Kxg4 Kg6 83. Kf4 Kf6 84. g4 Kg6 85. g5 Kg7 86. Kf5 Kf7 87. h5 Kg7 88. g6 Kg8 89. Kf6 Kf8 90. g7+ Kg8 91. h6 Kh7 92. Kf7 1-0